Statistics for British Medical Acronyms

Click here to take the quiz!

General Stats

  • This quiz has been taken 134 times
    (131 since last reset)
  • The average score is 6 of 15

Answer Stats

AcronymAnswer% Correct
NHSNational Health Service
88%
ECGelectrocardiogram
75%
MRIMagnetic resonance imaging
61%
DoHDepartment of Health
54%
DOADead On Arrival
50%
CPRCardiopulmonary Resuscitation
49%
COPDChronic Obstructive Pulmonary Disease
46%
DNACPRDo not Attempt Cardiopulmonary Resuscitation
34%
CABGCoronary Artery Bypass Graft
22%
STEMIST Elevated Myocardial Infarction
19%
CVPCentral venous pressure
16%
CT [scan]computerised tomography
14%
NIBPNoninvasive Blood Pressure
14%
LASLondon Ambulance Service
8%
EOCEmergency Operating Centre
2%

Score Distribution

Percentile by Number Answered

Percent of People with Each Score

Your Score History

You have not taken this quiz since the last reset